00464nam a2200193Ia 4500003000900000008004100009040001300050040001300063041000800076100002500084100000800109245007400117250001000191260003300201260000900234300001100243300001000254490000600264IT-RoPAU120407s9999 xx 000 0 und d aIT-RoPAU cIT-RoPAU aita aM. Cristina Cruciani csr. aStoria e teologia della Messa in onore di Maria Regina degli Apostoli aRoma  aCasa Generalizia PDDM - Cscm c1988 a105 p. c21 cm v1